000 00731nam a22002177a 4500
003 UA-OsUOA
001 59503
007 ta
008 20090330b un ||||| |||| 00| 0 ukr d
100 _aХомутенко А.
090 _a330(477)
_bХ76
942 _cSA
040 _aUA-OsUOA
_bukr
_cUA-OsUOA
_dUA-OsUOA
245 _aСтан та перспективи розвитку фінансового контролю у небанківських фінансових установах України - коедитних спілках
300 _aС.52
955 _a0
041 _aukr
080 _a330(477)
773 0 _w59501
_tЕкономіст
_dК.
_d2009
_g2
650 7 _a330 Економіка взагалі
_2UDC
999 _c345691
_d345691